00498 2200205 4500001002100000005001500021035002000036008004100056245005100097100001900148250000600167260003600173300001100209084001400220082000800234650001400242990001200256990001200268990001200280INLIS00000000000029220240503081237 a0010-0424000268240503 0 ind 1 aBerakhlak Dengan Asmaul Husna /cKhabib Basori aBasori, Khabib a1 aJakarta :bCempaka Putih,c2015 a68 hlm a200 KHA b a200 4aNon Fiksi a0728814 a0728815 a0728816